000 00421nam a2200169 a 4500
001 1899
003 CO-ViMGA
008 141112s2004 ck r 000 u spa d
040 _aCO-ViMGA
_bspa
_cCO-ViMGA
082 0 4 _aMe 861.44 R481e
100 1 _aRivas, Jose Luis
_950480
245 1 0 _aEstuario
260 _aSantafé de Bogotá :
_bNorma,
_c1996
300 _a103 p
650 1 4 _aPOESIA MEXICANA
_95208
942 _2ddc
_cBK
999 _c14051
_d14051